LIBRARY & INFORMATION CENTRE, KCAET, TAVANUR

ONLINE PUBLIC ACCESS CATALOGUE (OPAC)

Fundamental Principles of Irrigation Engineering / (Record no. 1305)

MARC details
000 -LEADER
fixed length control field 00316cam a2200121ua 4500
082 ## - DEWEY DECIMAL CLASSIFICATION NUMBER
Classification number 631.5871
Item number PRI/FU
100 ## - MAIN ENTRY--AUTHOR NAME
Personal name Priyani, V.B .
245 ## - TITLE STATEMENT
Title Fundamental Principles of Irrigation Engineering /
250 ## - EDITION STATEMENT
Edition statement 5 /
260 ## - PUBLICATION, DISTRIBUTION, ETC. (IMPRINT)
Place of publication New Delhi :
Name of publisher Charotar Book Stall ,
Year of publication 1962.
300 ## - PHYSICAL DESCRIPTION
Number of Pages 474 ; .
942 ## - ADDED ENTRY ELEMENTS (KOHA)
Koha item type Books
Holdings
Withdrawn status Lost status Damaged status Home library Current library Date acquired Full call number Accession Number Koha item type
      KAUAET KAUAET 07/04/2012 631.5871 11290 Books
Withdrawn     KAUAET KAUAET 07/04/2012 631.5871 7965 Books
free website counter